Parejas iniciales LIDLT 9 - Estadísticas

Estadísticas generales
  • Esta prueba ha sido intentada 34 veces
  • La puntuación promedio es 4 de 5
Estadísticas de respuestas
Imagen Respuesta % Correcto
Gilbert y Claudia
97%
Juanpi y Sandra
97%
Darío y Almudena
91%
Rodrigo y Helena
85%
Lorenzo y Nieves
73%
No se encontraron pruebas coincidentes
Distribución de puntuación
Porcentaje de gente con cada puntuación
Porcentaje por número respondido
Historial de tus puntuaciones
No has intentado esta prueba.